Πως να διαβάζουμε σωστά τις κινηματογραφικές ταινίες : το νόημα και η εμπειρία

Αποθηκεύτηκε σε:
Λεπτομέρειες βιβλιογραφικής εγγραφής
Κύριος συγγραφέας: Phillips, Patric
Άλλοι συγγραφείς: Γιαννακόπουλος, Γιώργος (Μεταφραστής), Μωραΐτης, Μάκης (Επιμελητής έκδοσης)
Μορφή: Βιβλίο
Γλώσσα:Greek
Δημοσίευση: Αθήνα : Ροδανθός, 2004
Θέματα:
Ετικέτες: Προσθήκη ετικέτας
Δεν υπάρχουν, Καταχωρήστε ετικέτα πρώτοι!

MARC

LEADER 00000cam a2200000 i 4500
001 1/87049
008 051007s2004 gre d
020 |a 960-8186-13-7 
035 |l 10080717 
040 |a GR-MY-UA  |b gre  |e aacr 
041 0 |a gre 
082 0 |a 791.43  |2 (22) 
100 1 |a Phillips, Patric. 
245 1 0 |a Πως να διαβάζουμε σωστά τις κινηματογραφικές ταινίες :  |b το νόημα και η εμπειρία /  |c Patric Phillips ; μετάφραση Γιώργος Γιαννακόπουλος ; επιμέλεια Μάκης Μωραϊτης 
260 |a Αθήνα :   |b Ροδανθός,   |c 2004 
300 |a 260 σ.;  |b εικ.;  |c 24 εκ. 
650 0 0 |a Motion pictures. 
650 0 0 |a Cinematography. 
700 1 |a Γιαννακόπουλος, Γιώργος.  |4 trl 
700 1 |a Μωραΐτης, Μάκης.  |4 edt 
852 |a INST  |b LESVOS  |e 20051007  |h 791.43 PHI  |p 005100032760  |q 005100032760  |t BK  |y 0 
852 |a INST  |b LESVOS  |e 20110711  |h 791.43 PHI  |p 005100049852  |q 005100049852  |t BK  |y 0 
852 |a INST  |b LESVOS  |e 20110711  |h 791.43 PHI  |p 005100049854  |q 005100049854  |t BK  |y 0 
901 |a BIBL1-2005-3 
901 |a BIBL1-2011-2 
909 |a Λ  |b 123965 
909 |a Λ  |b 169392 
909 |a Λ  |b 169391 
970 |a ΚΑΡΑ  |b ΓΙΑΣΕΜΗ  |z 2005/10/07